| 000 | 00386nam a22001577a 4500 | ||
|---|---|---|---|
| 003 | SGT | ||
| 020 | _a978-93-325-36449 | ||
| 082 |
_a001.42 _bS15N |
||
| 100 | _aNEUMAN, W. LAWRENCE | ||
| 245 | _aSOCIAL RESEARCH METHODS: QUALITATIVE AND QUANTITATIVE APPROACHES | ||
| 250 | _a7TH | ||
| 260 |
_aINDIA _bPEARSON _c2015 |
||
| 300 | _a600 | ||
| 650 | _aPSYCHOLOGY | ||
| 942 |
_2ddc _cBK _01 |
||
| 999 |
_c10663 _d10663 |
||